| 000 | 00514 a2200181 4500 | ||
|---|---|---|---|
| 999 |
_c8774 _d8774 |
||
| 020 | _a9780198747635 | ||
| 050 | _aKD 674 WAT 2016 | ||
| 100 |
_aWatt, Gary _eauthor |
||
| 245 |
_aTrusts and equity / _cGary Watt |
||
| 250 | _a7th ed. | ||
| 264 |
_aOxford : _bOxford University Press, _c 2016 |
||
| 300 | _axl, 582 pages ; 25 cm | ||
| 500 | _alncludes index | ||
| 650 | _aEquity -- England. | ||
| 650 | _aTrusts and trustees -- England. | ||
| 650 | _aEquity -- Wales. | ||
| 942 |
_2lcc _cBK _h674 _iWAT _kKD _e7th ed. |
||